Aigle - Culture Générale - Statistiques

Statistiques générales
  • Ce quiz a été pris 2 379 fois
  • Le résultat moyen est 11 sur 18
Statistiques - réponses
Question Réponse % Correct
Nom attribué au petit de l'aigle Aiglon
92%
La ____ de l'aigle est 4 à 5 fois meilleure que celle de l'humain Vue
92%
Famille d'oiseaux qui comprend, entre autres, les aigles, hiboux et faucons Rapace
90%
Nom donné aux "pattes" de l'aigle Serres
90%
↳De quel pays est-il l'emblème animal national? États-Unis
88%
Créature mythique surnommée "l'oiseau de feu", décrite comme une sorte d'aigle au plumage rouge et or Phénix
86%
L'une des quatre maisons de l'école de Poudlard, présente dans l'univers d'Harry Potter, utilisant l'aigle pour emblème Serdaigle
75%
Nommez un pays dont le drapeau possède un aigle à deux têtes Albanie | Monténégro| Serbie
67%
Chanson écrite par Barbara qui fut l'un des plus gros succès discographiques de son temps L'Aigle noir
57%
Quel pays possède un drapeau arborant un aigle semblant dévorer un serpent? Mexique
57%
Dans quel univers fictif les personnages principaux furent-ils maintes fois sauvés par des aigles géants? Le Seigneur des Anneaux | Le Hobbit
50%
Avec les guerriers jaguars, les guerriers aigles représentaient l'élite des combattants de l'armée de ce peuple amérindien Aztèque
49%
Titre le plus populaire du groupe rock américain Eagles, paru en 1976 Hotel California
46%
Créature mythologique munie d'un corps d'aigle et d'une tête de femme Harpie
45%
Type d'oiseau souvent confondu avec un aigle en raison de son nom anglais: Bald Eagle Pygargue à tête blanche
43%
Selon la légende, les Grecs regardaient l'aigle comme l'emblème de ... Zeus
29%
Dans quelle ville est basée l'équipe de football américain les Eagles ? Philadelphie
17%
Quel chanteur français sort l'album Quelque part un aigle en 1982 ? Johnny Hallyday
12%
Aucun quiz correspondant
Distribution des résultats
% des personnes avec chaque résultat
Percentile par nombre de réponses
Votre historique - résultats
Vous n’avez pas pris ce quiz